Agriculture and direct taxes (Record no. 25940)

MARC details
000 -LEADER
fixed length control field 00363nam a2200133Ia 4500
082 ## - DEWEY DECIMAL CLASSIFICATION NUMBER
Classification number 338.434:336.21
Item number MAN
100 ## - MAIN ENTRY--AUTHOR NAME
Personal name Dani, R S
245 #0 - TITLE STATEMENT
Title Agriculture and direct taxes
260 ## - PUBLICATION, DISTRIBUTION, ETC. (IMPRINT)
Place of publication Allahabad
Name of publisher Central Law Agency
Year of publication 1977
650 ## - SUBJECT ADDED ENTRY--TOPICAL TERM
Topical Term Agricultural taxes
700 ## - ADDED ENTRY--PERSONAL NAME
Personal name Mansinghka, Shyam Sunder
942 ## - ADDED ENTRY ELEMENTS (KOHA)
Koha item type Books
Holdings
Withdrawn status Lost status Damaged status Not for loan Home library Current library Date acquired Full call number Accession Number Koha item type
        RRII Library RRII Library 16/12/2021 338.434:336.21 MAN 06580 Books